000 00319nam a22001457a 4500
008 210302b ||||| |||| 00| 0 eng d
020 _a9480547004907
041 _aeng
080 _a338
082 _a338
100 _a53
101 _aMEN
245 _aStrategic Management Theory
_cHill, CH.W.L
942 _2udc
_cBK
999 _c55487
_d55487